Diccionario de agricultura, zootecnia y veterinaria : tomo III /

Guardado en:
Bibliografiske detaljer
Andre forfattere: Matons, Augusto (dir.) Conductor
Format: Bog
Sprog:spansk
Fag:
Tags: Tilføj Tag
Ingen Tags, Vær først til at tagge denne postø!

MARC

LEADER 00000nam^a2200000^a^4500
001 000370602
005 20250526000000.0
009 20260310115907.879
037 |a Acervo ITESO - Biblioteca 
041 |a ESP 
082 |a 630. 3  |b MAT V. 3 
100 |a Matons, Augusto  |e (dir.) 
240 1 1 |a [Diccionario de agricultura, zootecnia y veterinaria] 
245 1 0 |a Diccionario de agricultura, zootecnia y veterinaria :  |b tomo III /  |c Dir. de A. Matons. 
264 |a México :  |b Herrerías,  |c 1943 
300 |a VI, 1026 p. ;  |c 27.5 cm. 
336 |a texto  |b txt  |2 rdacontenido 
337 |a sin mediación  |b n  |2 rdamedio 
338 |a volumen  |b nc  |2 rdasoporte 
501 |a Encuadernación particular 
562 |a Falta cubierta 
649 |a XX 
650 |a Industria Agropecuaria -  |x Enciclopedias y Diccionarios 
650 |a Plantas -  |x Enciclopedias y Diccionarios 
650 |a Animales -  |x Enciclopedias y Diccionarios 
650 |a Medicina Veterinaria -  |x Enciclopedias y Diccionarios 
650 |a Ganadería -  |x Enciclopedias y Diccionarios 
650 |a Agricultura -  |x Enciclopedias y Diccionarios -  |x Tema Principal 
650 |a Enciclopedias y Diccionarios 
910 |a Fondo General 
920 |a Impresos - Libros 
930 |a Libros Antiguos y Raros 
905 |a 108 
901 |a 0500265451  |b IT2  |c LRA  |i D71033  |u 20250526 
902 |a https://opac.biblio.iteso.mx/vufind/Record/000370602